| 000 | 00694nam a22002177a 4500 | ||
|---|---|---|---|
| 999 |
_c10923 _d10923 |
||
| 003 | AR-CdUCM | ||
| 008 | 190402b ||||| |||| 00| 0 spa d | ||
| 040 |
_aMUNICIPALIDAD PROVINCIAL DEL CUSCO _cBIBLIOTECA MUNICIPAL DEL CUSCO |
||
| 082 |
_a985 / _bL74 / 1938 |
||
| 100 |
_aLoayza, Francisco A. _927997 |
||
| 245 | _aVeritas / | ||
| 260 |
_aChota : _bLima, _c1938. |
||
| 300 |
_a125 páginas ; _c17 cm. |
||
| 505 | _aContenido: Vale un Perú -- La guardia civil y la policía del Perú -- Quien es el aventurero José García Muniza ... | ||
| 650 |
_aHistoria _9136 |
||
| 650 |
_aPerú _935 |
||
| 650 |
_aPolítico _97421 |
||
| 650 |
_aPatria _96885 |
||
| 942 |
_2ddc _cLIBROS |
||
| 945 | _aacv | ||